000 00721nam a2200217 a 4500
999 _c9167
_d9167
001 9167
003 BD-JhCC
005 20180523113626.0
008 180310s1993 bg |||| ||a| 000 0 ben d
035 _a(BD-JhCC)9167
040 _aBD-JhCC
_dBD-JhCC
041 _aben
082 _a920.23
_bHUD 1993
100 _aহুদা, মাহমুদ নূরুল
245 _aহোসেন শহীদ সোহরাওয়ার্দী :
_b কাছে থেকে দেখা /
_cমাহমুদ নূরুল হুদা,
260 _aঢাকা :
_bসাহিত্য প্রকাশ,
_c1993
300 _a159 p. :
_c22 cm.
651 _aPolitics
942 _2ddc
_cBK